Statistics for World Capitals Closest to Vientiane - One Minute Sprint

Click here to take the quiz!

General Stats

  • This quiz has been taken 16 times
  • The average score is 14 of 20

Answer Stats

kmcapitalmiles% Correct
521Bangkok324
94%
482Hanoi299
94%
2076Kathmandu1290
94%
2846New Delhi1768
88%
1854Singapore1152
88%
2778Beijing1726
81%
1424Dhaka885
81%
1652Kuala Lumpur1026
81%
754Phnom Penh469
81%
2731Jakarta1697
75%
1999Manila1242
75%
2109Taipei1310
75%
1700Thimphu1056
75%
1979Bandar Seri
Begawan
1230
56%
716Naypyidaw445
56%
3418Islamabad2124
44%
3239Pyongyang2013
44%
3222Seoul2002
44%
3353Ulaanbaatar2083
44%
2753Colombo1711
38%

Score Distribution

Percentile by Number Answered

Percent of People with Each Score

Your Score History

You have not taken this quiz